000 00491nam a22001937a 4500
003 UA-OsUOA
001 19925
007 ta
008 20040922b un ||||| |||| 00| 0 ukr d
942 _cBK
040 _aUA-OsUOA
_brus
_cUA-OsUOA
_dUA-OsUOA
245 _aСарненський район
_bБуклет
300 _a11 с.
955 _a0
041 _arus
260 _aСарни
_bСарненська РДА
_c2003
044 _aRU
650 7 _aКраєзнавча робота
_2UDC
999 _c306098
_d306098